000 00322nam a2200133Ia 4500
005 20260326100044.0
008 260326s9999||||xx |||||||||||||| ||und||
100 _aKultermann, Udo
245 0 _aLa Arquitectura Contemporánea /
_cUdo Kultermann
260 _bLabor
300 _a290 p.
650 _aSIGLO XX
942 _cBK
999 _c7138
_d7138